000 00565nam a2200181Ia 4500
008 090201s9999 xx 000 0 und d
010 _aKPL-66490
040 _bमराठी
041 _aमराठी
082 _a43011
_b66490
100 _aजनार्दन ओक
245 _aआद्य शंकराचार्य
_cजनार्दन ओक
250 _a1
260 _c2005
_bराजश्री प्रकाशन
300 _a520
_bमोठा
600 _aआद्य शंकराचार्य
942 _cBOOK
999 _c240062
_d240062